Rozvíjanie komunikačných zručností v 3. a 4. ročníku ZŠ

Bibliographic Details
Main Author: Hadvabová, Adela (Author)
Format: Article
Language:Slovak
PhysicalDescription:Graf, obr.
ISSN:1335-2040
Subjects:

MARC

LEADER 00000nab a2200000 a 4500
001 vtls000863974
003 SK-MaSNL
005 20260304124149.0
008 250429c2004 xo 0 slo
015 |a SNBRB2004/02-05972 
035 |a CLN000215530 
035 |a urn:nbn:sk:snk-abrwu 
035 |a (urnnbn)urn:nbn:sk:snk:ar-a050rr 
035 |a (uuid)d25f0a26-4279-486f-bf0d-841c886e3779 
040 |a SNKBUCL  |b slo  |c SNKBUCL  |e AACR2 
041 0 |a slo 
044 |a xo  |c SK 
080 |a 371.311:811.162.4  |2 1997 
080 |a 028  |2 1997 
080 |a 372.881.116.24  |2 1997 
080 |a 811.162.4`38:37  |2 1997 
080 |a 81`38:811.162.4  |2 1997 
080 |a 37.036  |2 1997 
100 1 |a Hadvabová, Adela  |4 aut  |9 1434641 
245 1 0 |a Rozvíjanie komunikačných zručností v 3. a 4. ročníku ZŠ  |c Adela Hadvabová 
300 |b Graf, obr. 
504 |a Bibliogr. odkazy 
650 0 7 |a slovenčina  |2 snkbucl  |9 1350 
650 0 7 |a čítanie  |2 snkbucl  |9 1654 
650 0 7 |a komunikačné zručnosti  |2 snkbucl  |9 2691 
650 0 7 |a komunikácia  |2 snkbucl  |9 1362 
650 0 7 |a čitateľské zručnosti  |2 snkbucl  |9 1050151 
650 0 7 |a komunikačno-poznávacie vyučovanie  |2 snkbucl  |9 1434642 
650 0 7 |a základné školy  |2 snkbucl  |9 1280 
655 7 |a články z novín a časopisov  |2 snkbucl  |9 267496 
773 0 |t Slovenský jazyk a literatúra v škole  |g Roč. 50, č. 3-4 (2003/2004), s. 108-122  |x 1335-2040 
850 |a Slovenská národná knižnica 
852 |a Slovenská národná knižnica 
954 |a odborná, vedecká literatúra pôvodná (slovenská)  |2 lita 
958 |a article27 
958 |a NB 
958 |a OND 
958 |a EUIPO 
999 |c 2890730  |d 2892660